Visualizzazione normale
Vista MARC
- Europa
di Geographic Name
Records bibliografici associati: 1
001 - CONTROL NUMBER
- control field: 51743
003 - CONTROL NUMBER IDENTIFIER
- control field: IT-RoINE
005 - DATE AND TIME OF LATEST TRANSACTION
- control field: 20180719054221.0
008 - FIXED-LENGTH DATA ELEMENTS
- fixed length control field: 180719|| aca||aabn | a|a d
040 ## - CATALOGING SOURCE
- Original cataloging agency: IT-RoINE
- Transcribing agency: IT-RoINE
151 ## - HEADING--GEOGRAPHIC NAME
- Geographic name: Europa
- General subdivision: Historia
- Chronological subdivision: Siglos 11o.-12o.
- Form subdivision: Congresos
670 ## - SOURCE DATA FOUND
- Source citation: Work cat.: (IT-RoINE)0: Università cattolica del Sacro Cuore. Centro di studi medioevali. Settimana internazionale di studio (10ª. 1986. Passo della Mendola, Roma) 51742, L'Europa dei secoli XI e XII fra novità e tradizione :, [1989]